000 00685nam a2200253Ia 4500
003 OSt
005 20221006144932.0
006 a|||||r|||| 00| 0
007 ta
008 221006b |||||||| |||| 00| 0 eng d
020 _c
_7.95(each)
024 _a13,256
037 _cTextual
040 _aEASL
_cEASL
_beng
041 _2eng
_aeng
082 _aV41,41(Y48):57.N58, K7-;1
100 _aGOLDMAN Merle
245 0 _aLiterary dissent in communist China
260 _aCambridge
_bHarvard University
_c1967
300 _a343p.
_ccm.
490 _v CEL
942 _hV41,41(Y48):57.N58, K7-;1
_cTEXL
_2CC
999 _c1081342
_d1081342